logo

Bir Sreshtho Munshi Abdur Rouf Library
Jhenaidah Cadet College

স্ফুলিঙ্গের আভা : (Record no. 11058)

MARC details
000 -LEADER
fixed length control field 00766nam a2200229 a 4500
001 - CONTROL NUMBER
JCCL Control Number 11058
003 - CONTROL NUMBER IDENTIFIER
JCCL marc code BD-JhCC
005 - DATE AND TIME OF LATEST TRANSACTION
control field 20190728085601.0
008 - FIXED-LENGTH DATA ELEMENTS--GENERAL INFORMATION
fixed length control field 190627b 2013bg |||| ||a| 000 0 ben d
020 ## - INTERNATIONAL STANDARD BOOK NUMBER
International Standard Book Number 9789849025597
035 ## - SYSTEM CONTROL NUMBER
system control number (BD-JhCC)11058
040 ## - CATALOGING SOURCE
Original cataloging agency BD-JhCC
Modifying agency BD-JhCC
041 ## - LANGUAGE CODE
Language code of Book ben
082 ## - DEWEY DECIMAL CLASSIFICATION NUMBER
Classification number 891.4435
Author mark and Year RAH 2013
100 ## - MAIN ENTRY--PERSONAL NAME
Personal name রহমান, রেজাউল
245 ## - TITLE STATEMENT
Title স্ফুলিঙ্গের আভা :
Remainder of title মুক্তিযুদ্ধের গল্প /
Statement of responsibility, etc রেজাউল রহমান ।
260 ## - PUBLICATION, DISTRIBUTION, ETC. (IMPRINT)
Place of publication, distribution, etc ঢাকা :
Name of publisher, distributor, etc প্রথমা প্রকাশন;
Date of publication, distribution, etc ২০১৩.
300 ## - PHYSICAL DESCRIPTION
Pagination ১৩৫ পৃঃ . :
Dimensions ২২ সেমি.
650 ## - SUBJECT ADDED ENTRY--TOPICAL TERM
Topical term or geographic name as entry element Historical story
942 ## - ADDED ENTRY ELEMENTS (KOHA)
Source of classification or shelving scheme Dewey Decimal Classification
Koha item type Books
Holdings
Source of classification or shelving scheme Damaged status Not for loan Home library Current library Shelving location Cost, normal purchase price Total Checkouts Full call number Barcode Date last seen Copy number Koha item type
Dewey Decimal Classification     JCC Rouf Library JCC Rouf Library General Stacks 220.00   891.4435 RAH 2013 15022 07/27/2019 C-1 Books

JCC Library | Contacts | JCC Home

Last Update on 23 September 2017
Copyright @ 2017-2020 JCC Rouf Library
Rouf Library, Jhenidah Cadet College (JCC), Bangladesh